Music Quiz

Random Music or Missing Word Quiz

Song Title Mergers Quiz Stats

 Plays Quiz Updated Jun 2, 2016

Challenge
Share
Tweet
Embed
Score 0/40 Timer 05:00
4 Plays Today
Song #1 Word % Correct
Hotel ___California
98.1%
No Woman, No ___Cry
94.7%
Blinded by the ___Light
92.4%
Pretty in ___Pink
91.4%
Our Day Will ___Come
90.7%
Hit the Road ___Jack
90.6%
Bat Out of ___Hell
90.4%
Back in ___Black
89.4%
Money for ___Nothing
89.1%
Brick ___House
89%
Heart of ___Gold
87.9%
Gangsta's ___Paradise
84.7%
London ___Calling
83.2%
I Know What Boys ___Like
82.6%
Young Hearts Run ___Free
79.7%
Hurts So ___Good
77.9%
Foolish ___Heart
77.2%
All I Have to Do Is ___Dream
76.3%
Charlie ___Brown
74.6%
Like a ___Rock
72.7%
Song #1 Word % Correct
Lust for ___Life
72.1%
Personal ___Jesus
71.6%
Don't Be ___Cruel
70.9%
96 ___Tears
70.6%
He's a ___Rebel
70.2%
Gimme ___Shelter
68%
Everyday ___People
64.4%
Tangled up in ___Blue
64.3%
Still the ___One
64.2%
Spirit in the ___Night
59.6%
We Got the ___Beat
57.2%
Ain't No ___Sunshine
53.9%
Fight the ___Power
53.6%
Let's Go ___Crazy
49.4%
Doctor My ___Eyes
49.1%
Come ___Dancing
45.5%
I Want ___Candy
44.8%
It's My ___Party
44%
Karma ___Police
40.5%
Musta Got ___Lost
27.2%

You're not logged in!

Compare scores with friends on all Sporcle quizzes.
Join for Free
OR
Log In

You Might Also Like...

Show Comments

Extras

Top Quizzes Today


Score Distribution

Your Account Isn't Verified!

In order to create a playlist on Sporcle, you need to verify the email address you used during registration. Go to your Sporcle Settings to finish the process.

Report this User

Report this user for behavior that violates our Community Guidelines.

Details: